000 00467 a2200169 4500
010 _aENG-142128
020 _a9789357943390
_c250.00
035 _aEN-125660
037 _bDBAD
082 1 4 _aN
100 1 _aOrwell, George
_972743
245 1 _aAnimal farm/
_cby George Orwell
260 _aNew Delhi
_bV & S Publishers
_c2024
270 _aF-2/16, Ansari Road, Daryaganj
_bNew Delhi
_cDelhi
_e110002
300 _a83p.
_c21cm (pb)
942 _adpl
_cEN
_2ddc
_hN
_mORW
999 _c206350
_d206350